Pokemon - Quiz personnages : images - Statistiques

Statistiques générales
  • Ce quiz a été pris 77 fois
  • Le résultat moyen est 19 sur 30
Statistiques - réponses
Par images Réponse % Correct
Sacha
100%
Miaouss
95%
Pierre
95%
Ondine
91%
Jessie
89%
Giovanni
88%
Professeur Chen
82%
Flora
80%
Iris
80%
James
79%
Aurore
75%
Cynthia
71%
Lem
71%
Serena
71%
N
68%
Régis
64%
Rachid
61%
Clem
59%
Tarak
55%
Max
54%
Lilie
48%
Goh
41%
Kiawe
41%
Paul
39%
Barbara
38%
Professeur Euphorbe
38%
Chrys
32%
Néphie
32%
Jacky
27%
Niko
18%
Aucun quiz correspondant
Distribution des résultats
% des personnes avec chaque résultat
Percentile par nombre de réponses
Votre historique - résultats
Vous n’avez pas pris ce quiz